3 Letter Combined Country Names - Statistics

General Stats
  • This quiz has been taken 49 times
  • The average score is 12 of 13
Answer Stats
Hint Answer % Correct
Finl___orra And
100%
Viet___ibia Nam
100%
Ja___ama Pan
100%
Guinea-Bis___di Arabia Sau
100%
Pakis___zania Tan
100%
Vati___ada Can
97%
Ni___many Ger
97%
Myan___shall Islands Mar
97%
Bela___sia Rus
97%
Swe___mark Den
93%
Nicara___temala Gua
93%
Ne___au Pal
90%
Na___guay Uru
86%
No matching quizzes found
Score Distribution
Percent of People with Each Score
Percentile by Number Answered
Your Score History
You have not taken this quiz